Abraham Lincoln : (Record no. 2712)

MARC details
000 -LEADER
fixed length control field 01130cam a2200373 a 4500
001 - CONTROL NUMBER
control field 2712
003 - CONTROL NUMBER IDENTIFIER
control field FISKH
005 - DATE AND TIME OF LATEST TRANSACTION
control field 20240110153309.0
008 - FIXED-LENGTH DATA ELEMENTS--GENERAL INFORMATION
fixed length control field 100226s2009 nyua 001 0beng
010 ## - LIBRARY OF CONGRESS CONTROL NUMBER
LC control number 2008909717
015 ## - NATIONAL BIBLIOGRAPHY NUMBER
National bibliography number GBA936803
Source bnb
016 7# - NATIONAL BIBLIOGRAPHIC AGENCY CONTROL NUMBER
Record control number 015109555
020 ## - INTERNATIONAL STANDARD BOOK NUMBER
International Standard Book Number 9781603200639 (hbk.)
020 ## - INTERNATIONAL STANDARD BOOK NUMBER
International Standard Book Number 9780545437462
020 ## - INTERNATIONAL STANDARD BOOK NUMBER
International Standard Book Number 1603200630 (hbk.)
035 ## - SYSTEM CONTROL NUMBER
System control number (OCoLC)ocn318673131
040 ## - CATALOGING SOURCE
Original cataloging agency UKM
Transcribing agency UKM
Modifying agency AKF
-- ORX
-- WIM
-- DLC
Language of cataloging eng
042 ## - AUTHENTICATION CODE
Authentication code lccopycat
050 00 - LIBRARY OF CONGRESS CALL NUMBER
Classification number E457
Item number .A1616 2009
082 04 - DEWEY DECIMAL CLASSIFICATION NUMBER
Classification number 973.7092
-- B
Edition number 22
100 ## - MAIN ENTRY--PERSONAL NAME
Personal name Colbert, David
245 00 - TITLE STATEMENT
Title Abraham Lincoln :
Remainder of title 10 Days /
250 ## - EDITION STATEMENT
Edition statement First Scholastic printing, January 2012
260 ## - PUBLICATION, DISTRIBUTION, ETC.
Place of publication, distribution, etc. New York :
Name of publisher, distributor, etc. Scholastic,
Date of publication, distribution, etc. 2009.
300 ## - PHYSICAL DESCRIPTION
Extent 154 pages :
Other physical details illustrations ;
Dimensions 20 cm
500 ## - GENERAL NOTE
General note Includes index.
520 ## - SUMMARY, ETC.
Summary, etc. Focuses on ten crucial days in the life of Abraham Lincoln.
600 10 - SUBJECT ADDED ENTRY--PERSONAL NAME
Personal name Lincoln, Abraham,
Dates associated with a name 1809-1865.
600 10 - SUBJECT ADDED ENTRY--PERSONAL NAME
Personal name Lincoln, Abraham,
Dates associated with a name 1809-1865
Form subdivision Pictorial works.
700 1# - ADDED ENTRY--PERSONAL NAME
Personal name Knauer, Kelly.
710 2# - ADDED ENTRY--CORPORATE NAME
Corporate name or jurisdiction name as entry element Time, inc.
906 ## - LOCAL DATA ELEMENT F, LDF (RLIN)
a 7
b cbc
c copycat
d 2
e ncip
f 20
g y-gencatlg
942 ## - ADDED ENTRY ELEMENTS (KOHA)
Source of classification or shelving scheme Dewey Decimal Classification
Koha item type Books
Suppress in OPAC No
Holdings
Withdrawn status Lost status Source of classification or shelving scheme Damaged status Not for loan Collection Home library Current library Shelving location Date acquired Total Checkouts Full call number Barcode Date last seen Date last checked out Price effective from Koha item type
    Dewey Decimal Classification     Non-Fiction Footprints International School Library Network Toul Kork Campus Footprints International School Library Network Toul Kork Campus   01/10/2024 2 COL 973.7092 E457.905 FISSE01235 04/01/2026 03/02/2026 01/10/2024 Books